1001 tipů a triků pro Microsoft Windows NT 4 server

Gespeichert in:
Bibliographische Detailangaben
Hauptverfasser: Břehovská, Jana (Verfasst von), Cafourek, Bohdan (Verfasst von)
Format: Buch
Sprache:Tschechisch
Veröffentlicht: Brno : Computer Press, 1999
Schlagworte:
Tags: Tag hinzufügen
Keine Tags, Fügen Sie das erste Tag hinzu!

MARC

LEADER 00000nam a22000003a 4500
001 stu51155
005 20150617225706.1
008 991130s1999----xr------------------cze-d
020 |a 80-7226-153-3 
040 |a STU  |b slo 
041 0 |a cze 
044 |a xr 
080 |a 681.32.066 MS WINDOWS  |7 stu_us_auth*stu4147 
080 |a 681.324 
084 |a C6150J  |2 INS 
084 |a C6150  |2 INS 
084 |a C5620  |2 INS 
100 1 |a Břehovská, Jana  |4 aut 
245 1 |a 1001 tipů a triků pro Microsoft Windows NT 4 server 
260 |a Brno :  |b Computer Press,  |c 1999 
300 |a 433 s 
650 7 |a operačné systémy  |2 stusub 
650 7 |a programové systémy  |2 stusub 
650 7 |a počítačové siete  |2 stusub 
700 1 |a Cafourek, Bohdan  |4 aut 
996 |b 284EK83075  |c E*83075  |l EE16  |s P  |a 0  |w stu51155_0002